000 00275nam a22001097a 4500
008 240710b |||||||| |||| 00| 0 eng d
100 _aMahbubani, Goverdhan
_916764
245 _aGuru Ea Mukhdiyu
260 _aBombay:
_bLok Sewa Mandal;
_c1964.
300 _a128p.
942 _cBK
999 _c39892
_d39892